| 000 | 00906nam a22002417a 4500 | ||
|---|---|---|---|
| 001 | 3513911 | ||
| 003 | OSt | ||
| 005 | 20210119123540.0 | ||
| 008 | 950530s1990 ck ac 000 0 spa | ||
| 040 |
_aDLC _cCO-JMCR |
||
| 041 | 0 | _aspa | |
| 082 | 0 | 4 |
_a923.3 / _bC436d _223 |
| 100 | 1 |
_aChalarca, José., _eautor _912874 |
|
| 245 | 1 | 0 |
_aDon Leo : _bdirignetes cafeteros / _cJosé Chalarca. |
| 260 |
_aBogotá : _bFederacion Nacional de Cafeteros de Colombia, _c[199?] |
||
| 300 |
_a151 páginas : _bilustraciones, fotografías a blanco y negro ; _c20 cm. |
||
| 505 | _aDon Leonidas, biografía mínima -- Semblanzas y testimonios -- El pensamiento de Don Leonidas | ||
| 600 | 2 | 0 |
_aLondoño Londoño, Leonidas, _d1907-1986. _912875 |
| 650 | 2 | 4 |
_aCaficultores _zColombia _912876 |
| 650 | 2 | 4 |
_aLiderazgo cafetero _zColombia _912877 |
| 942 |
_2ddc _cBK |
||
| 999 |
_c7065 _d7065 |
||